| 000 | 01726cam a2200457 a 4500 | ||
|---|---|---|---|
| 001 | 21422 | ||
| 003 | VRT | ||
| 005 | 20260302101200.0 | ||
| 008 | 160610s2011 xo a a 000 0 slo | ||
| 015 | _aSNBA2012/02-00711 | ||
| 020 | _a9788080895426 (viaz.) | ||
| 035 | _a60171282-E9DE-4F6A-AD52-E6E85D3DD915 | ||
| 035 | _aurn:nbn:sk:snk-aml3wx | ||
| 035 | _aurn:nbn:sk:snk-am008kmb | ||
| 039 | 9 |
_a202510151951 _bcsnk01 _c201606101631 _dVLOAD _c201203191051 _dmsnk38 _c201203191051 _dmsnk38 |
|
| 040 |
_aSNK _bslo _cSNK _eAACR2 |
||
| 041 | 1 |
_aslo _heng |
|
| 044 |
_axo _cSK |
||
| 072 | 7 |
_a821-93 _xLiteratúra pre deti a mládež (beletria) _2konspekt |
|
| 080 |
_a821-93 _22001 |
||
| 080 |
_a(0.025.2) _22001 |
||
| 100 | 1 |
_aCrossley, David _4ill _4aut |
|
| 245 | 1 | 0 |
_aZvieratká na statku _bzvedavé očká _cnapísal a nakreslil David Crossley ; preložila Gabriela Dittelová |
| 246 | 3 | 0 | _aZvedavé očká |
| 250 | _a1. vyd. | ||
| 260 |
_aBratislava _bFragment _c2011 |
||
| 300 |
_a[12] s. _bfareb. ilustr. _c24 cm |
||
| 490 | 1 | _aČítanie pre radosť a poučenie | |
| 500 | _aPravdepodobne preložené z angličtiny | ||
| 500 | _aKartónové listy s výrezmi pre vlepenú hračku - prstová látková bábka v tvare očí | ||
| 521 | 1 | _aNevhodné pre deti do 3 rokov | |
| 655 | 7 |
_aleporelá _2SNKPH |
|
| 655 | 7 |
_apublikácie pre deti _2SNKPH |
|
| 655 | 7 |
_aPicture books for children _2SNKPHeng |
|
| 655 | 7 |
_aChildren's literature _2SNKPHeng |
|
| 830 | 0 | _aČítanie pre radosť a poučenie | |
| 942 |
_2ddc _cKLDE _n0 |
||
| 949 |
_63869A19961 _abpksh821-93 _bbpksh60320 |
||
| 949 |
_617A0876714 _asnkSC 148127 _bsnk2012/2934 _o2858/11 _s6100:20160112 |
||
| 949 |
_617A0876700 _asnkSC 148127 D1 _bsnk2012/2935 _o2858/11 |
||
| 999 |
_c21422 _d21422 |
||